Homenaje de los escritores, libreros y editores de Madrid (Registro nro. 81166)

Detalles MARC
000 -LEADER
campo de control de longitud fija 00671nam a2200181 i 4500
001 - NÚMERO DE CONTROL
campo de control 81166
003 - IDENTIFICADOR DE NÚMERO DE CONTROL
campo de control ES-MaACL
005 - FECHA Y HORA DE LA ÚLTIMA TRANSACCIÓN
campo de control 20230906174400.0
007 - CAMPO FIJO DE DESCRIPCIÓN FÍSICA--INFORMACIÓN GENERAL
campo de control de longitud fija t|
008 - DATOS DE LONGITUD FIJA--INFORMACIÓN GENERAL
campo de control de longitud fija 041103s1953 sp ||||1| spa d
080 ## - NÚMERO DE LA CLASIFICACIÓN DECIMAL UNIVERSAL
Número de la Clasificación Decimal Universal 929 García Moreno, Melchor
245 00 - MENCIÓN DEL TÍTULO
Título Homenaje de los escritores, libreros y editores de Madrid
Resto del título : (en la imposición de la Medalla al Mérito en el Trabajo al Presidente del Gremio de Libreros de Madrid, Melchor García Moreno...).
260 ## - PUBLICACIÓN, DISTRIBUCIÓN, ETC.
Lugar de publicación, distribución, etc. Madrid :
Nombre del editor, distribuidor, etc. [s.n.],
Fecha de publicación, distribución, etc. 1953 (
Lugar de fabricación/manufactura Madrid :
Fabricante Sáez)
300 ## - DESCRIPCIÓN FÍSICA
Extensión 37 p. ;
Dimensiones 17 cm.
600 14 - PUNTO DE ACCESO ADICIONAL DE MATERIA--NOMBRE DE PERSONA
Nombre de persona García Moreno, Melchor.
9 (RLIN) 55001
700 1# - ENTRADA AGREGADA--NOMBRE PERSONAL
Nombre de persona García Moreno, Melchor.
9 (RLIN) 55001
852 4# - LOCALIZACIÓN
Ubicación BA
Número de control de estantería 1681-F-12
Existencias
Estatus retirado Estado de pérdida Estado de daño No para préstamo Colección Biblioteca de origen Biblioteca actual Ubicación en estantería Fecha de adquisición Fuente de adquisición Total de préstamos Signatura topográfica completa Código de barras Visto por última vez Precio de reemplazo Tipo de ítem Koha
        Colección de folletos Biblioteca del Ateneo de Madrid Biblioteca del Ateneo de Madrid Depósito folletos 17/01/2008     1681-F-12 1084848 23/02/2023 23/02/2023 Folleto